Mass Communication : (Record no. 176769)

000 -LEADER
fixed length control field 01057 a2200169 4500
003 - CONTROL NUMBER IDENTIFIER
control field Nust
005 - DATE AND TIME OF LATEST TRANSACTION
control field 20220719183143.0
040 ## - CATALOGING SOURCE
Transcribing agency Nust
082 ## - DEWEY DECIMAL CLASSIFICATION NUMBER
Classification number 001.51,HIJ
100 ## - MAIN ENTRY--PERSONAL NAME
Personal name Hijazi.M.A Dr
9 (RLIN) 93895
245 ## - TITLE STATEMENT
Title Mass Communication :
Remainder of title Theory & practice /
Statement of responsibility, etc. Prof Dr M.A Hijazi , Prof GM Naqash
260 ## - PUBLICATION, DISTRIBUTION, ETC.
Place of publication, distribution, etc. Lahore
Name of publisher, distributor, etc. A-One Pub
Date of publication, distribution, etc. 2004
300 ## - PHYSICAL DESCRIPTION
Extent xvii,349p
505 ## - FORMATTED CONTENTS NOTE
Formatted contents note From Journalism to Mass Communication (Page-1), Mass Communication (Page-9), Growth and Role of Muslim Press in India (Page-19), Muslim Press in Areas Forming Pakistan (Page-45), Development of Press in Pakistan (Page-73), Media and National Development (Page-99), New Print Technology (Page-107), What is News (Page-119), Reporting (Page-133), Editing Process (Page-179), Headline (Page-221), Page Make-Up, Lay-Out Display or Design (Page-245), Picture Editing (Page-261), Radio Monitoring (Page-273), Freedom of the press (Page-279), New World Information Order (Page-301), Development Communication (Page-309).
650 ## - SUBJECT ADDED ENTRY--TOPICAL TERM
Topical term or geographic name entry element Mass Communication
9 (RLIN) 63753
942 ## - ADDED ENTRY ELEMENTS (KOHA)
Source of classification or shelving scheme
Koha item type Book
Call number prefix 001.51,HIJ
Holdings
Withdrawn status Lost status Source of classification or shelving scheme Damaged status Not for loan Permanent Location Current Location Shelving location Date acquired Full call number Barcode Date last seen Price effective from Koha item type Public note Total Checkouts
          Military College of Signals (MCS) Military College of Signals (MCS) General Stacks 12/12/2016 001.51 HIJ MCS33810 12/08/2016 12/12/2016 Book Almirah No.1, Shelf No.1  
          Military College of Signals (MCS) Military College of Signals (MCS) General Stacks 07/19/2022 001.51,HIJ MCS33809 07/19/2022 07/19/2022 Book Almirah No.1, Shelf No.1  
© 2023 Central Library, National University of Sciences and Technology. All Rights Reserved.